01310nam a2200313 i 4500001000700000003000900007005001700016007000300033008004100036080002300077080002300100100004100123245009800164246001700262260008400279300003000363490005200393490003700445500004800482504002000530505008900550546004600639600005600685600007200741700002800813830005200841830003700893852006600930133739ES-MaACL20230906194522.0t|070828s1946 sp ||||1| spa d a1 Agustín, Santo a929 Agustin, Santo0 aAgustín cSanto, Obispo de Hipona.10aConfesiones / cSan Agustín ; [edición crítica y anotada por el R. P. Ángel C. Vega].11aConfessiones aMadrid : bBiblioteca de Autores Cristianos : bLa Editorial Católica,c1946. a975 p. : bil. ; c20 cm.1 aObras de San Agustín : texto bilingüe ; v21 aB.A.C. Sección VI. Filosofía aCronología de las obras de San Agustín. aBibliografía.8 aContiene: T. II : Introducción a la filosofía de San Agustín. Las Confesiones. aTexto latino y traducción en español.04aAgustín cSanto, Obispo de Hipona-xBiografías.04aAgustín cSanto, Obispo de Hipona-xCrítica e interpretación.1 aVega, Ángel Custodio.0 aObras de San Agustín : texto bilingüe ; v20 aB.A.C. Sección VI. Filosofía4 aES-MaACLjE-12044 z. - Biblioteca Jacinto Martínez Lacalle